000 01170nam a2200337 a 4500
001 000111137
003 CHAP
005 20221026114016.0
008 141208s2014 mx sm |||||||spa d
010 _a107599
011 _a108571
040 _cCHAP
090 _aTesis
100 1 _aLópez Rosano, Jesús Isaac
_9128940
245 1 0 _aCalidad de agua para riego en la parte Norte del Acuífero de Ixcaquixtla, Coyotepec, Puebla /
_h[En línea]
_cporJesús Isaac, López Rosano
260 _aChapingo, Méx. :
_bEl autor,
_c2014
500 _aPara ver el contenido del material haga clic en la liga
502 _aTesis (Ing. Agr. Esp. en Irrigación) -- UACH. Departamento de Irrigación
590 _aE11695DGD
_b10
_c20141209
590 _aE5765TAJ
_b05
_c20141208
590 _aE5765TAJ
_b05
_c20141208
650 _aAcuíferos
_xAnálisis
_9127091
650 1 4 _aAgua para irrigación
_92430
650 1 4 _aAgua subterranea
_xPuebla
_92455
650 1 4 _aAgua
_xAnálisis.
_92280
650 1 4 _aAgua
_xCalidad.
_92316
856 _aFinding aid
_uhttp://10.13.5.2/tesis/sist111137.pdf
_zTeclea aquí
901 _aBK
942 _cTESIS
_2ddc
942 _n0
_2ddc
999 _c107599
_d107599